000 00369nam a2200097Ia 4500
008 180130s9999 xx 000 0 und d
245 _cLudgate, John
_aCBT training and supervision: an overview
260 _c2016
300 _aBook title: Teaching and supervising cognitive behavioral therapy--Acession number C20879; pages 1 - 24
650 _aCOGNITIVE BEHAVIORAL THERAPY
999 _c353967
_d353967